Statistics for Agatha Christie Novels

Click here to take the quiz!

General Stats

  • This quiz has been taken 4,738 times
    (4,736 since last reset)
  • The average score is 37 of 66

Answer Stats

HintAnswer% Correct
1934Murder on the Orient Express
89%
1937Death on the Nile
83%
1939Ten Little Indians
74%
1926The Murder of Roger Ackroyd
73%
1920The Mysterious Affair at Styles
72%
1975Curtain
71%
1930The Murder at the Vicarage
67%
1936The A.B.C. Murders
66%
1962The Mirror Crack'd from Side to Side
65%
1923The Murder on the Links
64%
1942The Body in the Library
64%
1971Nemesis
63%
1936Murder in Mesopotamia
63%
1950A Murder is Announced
61%
1935Death in the Clouds
61%
1941Evil Under the Sun
61%
1934Why Didn't They Ask Evans?
60%
19574.50 from Paddington
60%
1940One, Two, Buckle My Shoe
59%
1924The Man in the Brown Suit
59%
1941N or M?
59%
1952They Do It With Mirrors
58%
1927The Big Four
58%
1942Five Little Pigs
58%
1964A Caribbean Mystery
58%
1945Sparkling Cyanide
57%
1965At Bertram's Hotel
57%
1976Sleeping Murder
57%
1966Third Girl
56%
1953A Pocket Full of Rye
56%
1928The Mystery of the Blue Train
56%
1963The Clocks
56%
1961The Pale Horse
55%
1959Cat Among the Pigeons
55%
1933Lord Edgware Dies
55%
1955Hickory Dickory Dock
55%
1972Elephants Can Remember
55%
1969Hallowe'en Party
55%
1940Sad Cypress
53%
1952Mrs. McGinty's Dead
53%
1936Cards on the Table
53%
1932Peril at End House
52%
1937Dumb Witness
52%
1938Hercule Poirot's Christmas
52%
1942The Moving Finger
51%
1922The Secret Adversary
50%
1938Appointment with Death
50%
1968By the Pricking of My Thumbs
50%
1953After the Funeral
49%
1925The Secret of Chimneys
49%
1939Murder is Easy
49%
1967Endless Night
48%
1929The Seven Dials Mystery
48%
1944Towards Zero
48%
1946The Hollow
48%
1935Three Act Tragedy
47%
1949Crooked House
47%
1951They Came to Baghdad
46%
1944Death Comes as the End
46%
1948Taken at the Flood
45%
1956Dead Man's Folly
45%
1958Ordeal by Innocence
44%
1970Passenger to Frankfurt
44%
1931The Sittaford Mystery
43%
1973Postern of Fate
42%
1954Destination Unknown
36%

Score Distribution

Percentile by Number Answered

Percent of People with Each Score

Your Score History

You have not taken this quiz since the last reset